00462nam a2200181 a 4500001001300000003000900013005001700022008004100039020002300080082001500103100001800118245003600136260002500172300000900197500003500206650002100241700001800262nice12345678IN_TiNIC20260116014930.0070914s1986 lona grp 000 0 eng  a028104189X c10000a235.2bPOR aPorter, David aMother Teresab The Early Years aLondon bSPCK c1986 a100p aincludes index and biblioraphy aSaints-Christian1 aPorter, David